[Event "Dundee & Angus Major"]
[Site "Dundee"]
[Date "2012.10.11"]
[Round "3"]
[White "Chalmers, Martin"]
[Black "Robertson, Graeme"]
[Result "1-0"]
[WhiteElo "1579"]
[BlackElo "1422"]
[PlyCount "115"]
[EventDate "2012.10.12"]
[EventType "swiss"]
[EventRounds "5"]
[EventCountry "SCO"]
[SourceTitle "EXT 2023"]
[Source "ChessBase"]
[SourceDate "2022.10.05"]
[SourceVersion "1"]
[SourceVersionDate "2022.10.05"]
[SourceQuality "1"]

1. e4 e6 2. Nf3 d5 3. Nc3 c5 4. Bb5+ Nc6 5. Ne5 Bd7 6. Bxc6 Bxc6 7. Qh5 Qf6 8. Nxc6 bxc6 9. 0-0 g6 10. Qe2 Qe5 11. f4 Qd4+ 12. Kh1 dxe4 13. Nxe4 Nf6 14. d3 Nxe4 15. dxe4 Bg7 16. Rd1 Qb4 17. c3 Qb5 18. c4 Qb7 19. Rb1 0-0 20. Be3 Qe7 21. Qf2 Rfd8 22. Bxc5 Qb7 23. b3 Rd7 24. Rxd7 Qxd7 25. e5 a6 26. Qf3 Rd8 27. Bd6 Bf8 28. c5 Bg7 29. Qe2 Qb7 30. h3 Rd7 31. Rc1 Bf8 32. Qf3 Be7 33. Rc4 Bd8 34. Qc3 Qc8 35. Ra4 a5 36. Qf3 Qb7 37. Qg4 Qb5 38. Rc4 Qb7 39. h4 h5 40. Qh3 Qc8 41. Rc3 Qa6 42. Rc4 Qc8 43. Kh2 Be7 44. Rc3 Qd8 45. g3 Rb7 46. Qg2 Bxh4 47. Qxc6 Rb4 48. Rc4 Rxc4 49. bxc4 Be7 50. Qb6 h4 51. Qxd8+ Bxd8 52. c6 hxg3+ 53. Kxg3 a4 54. c7 Bxc7 55. Bxc7 Kf8 56. Bd6+ Ke8 57. c5 Kd7 58. Kg4 1-0

[Event "Dundee & Angus Congress Major"]
[Site "Dundee"]
[Date "2011.10.14"]
[Round "1"]
[White "Smith, Stephen H"]
[Black "Robertson, Graeme"]
[Result "1-0"]
[WhiteElo "1670"]
[BlackElo "1436"]
[PlyCount "37"]
[EventDate "2011.10.14"]
[EventType "swiss"]
[EventRounds "5"]
[EventCountry "SCO"]
[SourceTitle "EXT 2023"]
[Source "ChessBase"]
[SourceDate "2022.10.05"]
[SourceVersion "1"]
[SourceVersionDate "2022.10.05"]
[SourceQuality "1"]

1. e4 e6 2. d4 d5 3. Nc3 Bb4 4. e5 c5 5. Qg4 g6 6. Nf3 f5 7. exf6 Qxf6 8. Bd3 Nc6 9. 0-0 cxd4 10. Nb5 Qg7 11. Qg3 Kd8 12. a3 a6 13. axb4 Rb8 14. Bg5+ Nf6 15. Qd6+ Bd7 16. Nbxd4 Qe7 17. Nxc6+ bxc6 18. Qxb8+ Bc8 19. Ne5 1-0